000 00688cam a2200253 4500
001 M83486
008 090401t1997 xxu||||| |||| 00| 0 eng d
035 _a(Sirsi) u77867
041 _aeng
050 _a690
100 _aBaldry, David
245 _aBuilding the image - a study of the performance factor.
260 _aAscot
_bChartered Institute of Building
_c1997
300 _a8p. ; 30cm.
350 _a5
490 _aConstruction Papers
_v72
650 _aCONSTRUCTION INDUSTRY
650 _aPERFORMANCE
690 _aBUILT ENVIRONMENT
700 _aHarlow, Peter
_xEditor
710 _aThe Chartered Institute of Building
_92131
942 _n0
948 _c22/04/1997
999 _c96368
_d96368